000 00851nam a22002777a 4500
001 000373
003 DO-SdBNP
005 20180130112042.0
007 000373
008 160707 1996 sp ||||| |||| 00| 0 spa d
020 _a8421628577
040 _aBPMSU
_bspa
_cBPMSU
092 _axxxxx
_bxxxxx
100 1 _a Recheis, Käthe,
_d1928-
240 1 0 _a London, 13. Juli.
_lEspañol
245 1 0 _aLondres, 13 de julio /
_cKäthe Recheis ; traducción Rosa Pilar Blanco.
260 _aMadrid :
_bBruño,
_c1996.
300 _a188 p. ;
_c21 cm.
490 1 _aParalelo cero
_v8
500 _aIncluye datos biográficos del autor en la solapa de la contracubierta.
700 1 _aBlanco, Rosa Pilar,
_etr.
830 0 _pParalelo cero ;
_n8
942 _2ddc
_cBK
945 _aInventariado, 2018/ YL
956 _2LOPEREZ
_620160707
_a00041
_b10
_cBPMSU
999 _c10750
_d10750